000 00841nam a22003257a 4500
001 BR7503708
003 BR-BrBNA
005 20230928084823.0
007 ta
008 230509b bl.||||| |||| 00| 0 por d
040 _aBR-BrBNA
_bpor
_cBiblioteca Nacional de Agricultura
041 _a(Por)
072 _aF00; L00
_b/G514
090 _ F00 BR7503708
100 1 _aRoeder, M.
245 1 _aAlguns "flashes" da agricultura maranhense atual [Brasil]
260 3 _aSao Luis, MA (Brasil):
_c1975.
300 _a12 p.
650 _aAGRICULTURA
650 _aPECUARIA
650 _aINDUSTRIA AGRICOLA
650 _aABASTECIMENTO
650 _aINSUMO
650 _aPRODUCAO VEGETAL
650 _aPRODUCAO ANIMAL
650 _aESTRUTURA AGRARIA
650 _aMARANHAO
909 _a202309
_bLucia
_c55
_dLucia Elande
942 _cBK
999 _c21284
_d21284